| 000 | 01215cam a2200373Mi 4500 | ||
|---|---|---|---|
| 001 | 93146 | ||
| 005 | 20230410132921.0 | ||
| 008 | 981203c19779999sp 000 0 spa d | ||
| 035 | _a(OCoLC)ocn318354859 | ||
| 040 |
_aZZAND _bspa _cZZAND _dESUDE |
||
| 020 | _a8424910079 | ||
| 020 | _a9788424910075 | ||
| 035 | _a(OCoLC)318354859 | ||
| 041 | 1 |
_aspa _hgre |
|
| 050 | 1 | 4 |
_aB 171 _bB582 1977 |
| 049 | _aGRAL | ||
| 100 | 1 |
_aAristóteles, _d384-322 a. C. |
|
| 130 | 1 | _aBiblioteca Clásica Gredos. | |
| 245 | 1 | 0 |
_aEtica Nicomáquea ; Etica Eudemia / _cAristoteles ; introducción por Emilio Lledó Iñigo ; traducción y notas por Julio Palli Bonet ; asesor para la sección griega: Carlos García Gual. |
| 260 |
_aMadrid : _bGredos, _c1977. |
||
| 300 |
_a561 p. ; _c19 cm. |
||
| 440 | 0 |
_aBiblioteca clásica Gredos _v; n.89 |
|
| 500 | _aIncluye índice. | ||
| 650 | 0 | _aPhilosophy, Classical. | |
| 650 | 0 | _aPhilosophy, Ancient. | |
| 600 | 1 | 7 |
_aAristóteles, _d384-322 a. C. _vCritica e interpretación. |
| 650 | 1 | 7 | _aEtica griega. |
| 650 | 1 | 7 | _aFilosofía griega. |
| 650 | 0 | 4 | _aEtica antigua. |
| 650 | 0 | 4 | _aFilosofía antigua. |
| 740 | 2 | _aEtica Eudemia. | |
| 942 |
_2lcc _cbk |
||
| 994 |
_aC0 _bDRFGD |
||
| 999 |
_c90160 _d90160 |
||